00809nam a2200217 u 450000100070000000500170000700800410002403500110006504000130007604100080008908000060009710000500010324501340015326000430028730000140033065000370034465000250038194200090040699900190041595201570043471748920260506092830.0020205s2000 ||||||m| spa  a717489 ccomduadb aspa aT10aJaramillo Ocampo, Nicolás4auteaut925387310aParticipacion en tamano y forma de los caracteres metricos y su interes en los estudios poblacionales aplicados a los triatominae aMedellín :b[sin publicador],c2000. a125 hojas 7aEnfermedad de Chagas2dcs965075 aMorfometría928747 cBOOK c235366d235366 001040708TESISaBMbBMd2002-02-05eMaterial adquirido por donacióniC721199l0oT 01268p61000001916515r2023-04-24 00:00:00t1w2023-04-24yTESIS